生男生女決定寶典 : (Record no. 7187)

MARC details
000 -記錄標示(系統產生)
fixed length control field 00957cam a2200253 i 4500
020 ## - ISBN
ISBN 9789866228339
價格 NT$300
100 1# - 主要款目
第一作者姓名 原,利夫
245 10 - 書籍基本資料
書名 生男生女決定寶典 :
副標題 <日本不孕症權威>大公開
作者名稱 原利夫著 ; 黃薇嬪譯
250 ## - 書籍版本資料
書籍版本 初版
260 ## - 書籍出版資料
出版地 臺北市 :
出版者 采實文化,
出版年 民101[2012]
300 ## - 外觀規格(長、寬、高)
數量(面數, 冊數或其他) 187面 :
插圖及其他 部份彩圖, 表 ;
高廣尺寸 21公分
490 0# - 套書系列資料
套書名稱 兩性學系列 ;
冊次號 1.
942 ## - 其他項目(KOHA)
分類法來源 中文圖書分類法
館藏類型設定 一般圖書
Holdings
撤銷狀態 遺失狀態 分類號來源 損壞狀態 不外借 永久館藏地 現在館藏地 採購日期 所有借閱數 Total Renewals 完整索書號 條碼號 最後一次日期記錄 最後借出日期 一般價格有效日期 Koha館藏類型 公開資訊
未註銷館藏 未遺失 中文圖書分類法 未損毀 可外借 怡仁綜合醫院圖書館 怡仁綜合醫院圖書館 2021-02-24 2 1 429.1 C02772 2022-07-26 2022-07-11 2021-02-24 一般圖書 受孕不能只靠努力,生男生女不是只靠運氣,「排卵日」、「性愛體位」、「高潮」、「基礎體溫」,才是決定寶寶性別的關鍵!日本科學研究「性別生育法」,專門治療「不孕症」的醫學生育博士告訴你,最先進、安全的受孕技巧,生男生女你決定!   喝不完的包生男中藥帖、傳統觀念的壓力,讓你喘不過氣來嗎?本書將「海外排卵理論」變成「決定寶寶性別」的生育技巧。為各位夫妻提供最正確的懷孕觀念,無論是第一次懷孕、或是想懷第二胎的女性都很受用。做愛沒有避孕,可是卻已經超過2年沒有懷孕,是那裡出了錯?進行「性別生育法」前,那些是「女人要準備」、「男人要了解」的事?想要準確生男生女,做愛時採取什麼體位法最好?不孕症權威知道。
怡仁醫院| 地址:32643桃園市楊梅區楊新北路321巷30號 | 服務專線:03-4855566 | 電子郵件信箱:
Copyright © 1996 CHC Hospital